Nonsexist research methods : (Record no. 641)
[ view plain ]
| 000 -LEADER | |
|---|---|
| fixed length control field | 00240nam a2200097Ia 4500 |
| 008 - FIXED-LENGTH DATA ELEMENTS--GENERAL INFORMATION | |
| fixed length control field | 240331s9999 xx 000 0 und d |
| 082 ## - DDC Classification | |
| Class No. | 001.42 |
| Item Number - Author Mark | EIC |
| 100 ## - MAIN ENTRY--PERSONAL NAME | |
| Personal name | Eicher,M |
| 245 #0 - TITLE STATEMENT | |
| Title | Nonsexist research methods : |
| Remainder of title | a practical guide |
| 942 ## - Koha item type (Biblio) | |
| Koha item type | Books in Stacks (Lending) |
| Lost status | Damaged status | Collection code | Home library | Current library | Shelving location | Date acquired | Full call number | Accession Number | Item type |
|---|---|---|---|---|---|---|---|---|---|
| Lending | WERC Library | WERC Library | Social Science Cupboard | 03/31/2024 | 001.42 EIC | 3602 | Books in Stacks (Lending) |
